[Event "BL 9091 Tegel-Kirchheim"]
[Site "?"]
[Date "1991.??.??"]
[Round "?.1"]
[White "Haba, P."]
[Black "Tomczak, R."]
[Result "0-1"]
[WhiteElo "2465"]
[BlackElo "2310"]
[PlyCount "112"]
[EventDate "1991.??.??"]

1. e4 c5 2. Nf3 Nc6 3. d4 cxd4 4. Nxd4 e5 5. Nb5 a6 6. Nd6+ Bxd6 7. Qxd6 Qf6 8.
Qxf6 Nxf6 9. Nc3 d5 10. exd5 Nb4 11. Bd3 O-O 12. Bg5 e4 13. a3 exd3 14. axb4
dxc2 15. Bxf6 gxf6 16. Kd2 Bf5 17. g4 Bg6 18. f4 f5 19. g5 Rac8 20. Kxc2 Rc4
21. Rhf1 Bh5 22. Kb3 Rd4 23. Rae1 Rc8 24. Re5 b5 25. Rxf5 Rcc4 26. Re5 Rxb4+
27. Kc2 Rbc4 28. Re8+ Kg7 29. f5 f6 30. Re7+ Bf7 31. g6 hxg6 32. fxg6 Kxg6 33.
Rg1+ Rg4 34. Rxg4+ Rxg4 35. d6 Rd4 36. d7 Kg7 37. Ne2 Rd6 38. Nf4 Kf8 39. Re3
Rxd7 40. Ne2 b4 41. Nf4 b3+ 42. Kc1 Rc7+ 43. Kd1 Rc2 44. Ne6+ Bxe6 45. Rxe6 Kf7
46. Rxa6 Rxh2 47. Kc1 Rc2+ 48. Kb1 Rd2 49. Kc1 Rd3 50. Ra4 Ke6 51. Re4+ Kd5 52.
Rf4 Ke5 53. Rf1 f5 54. Re1+ Kd4 55. Rf1 Ke4 56. Re1+ Kf3 0-1

[Event "BL 9091 Tegel-Kirchheim"]
[Site "?"]
[Date "1991.??.??"]
[Round "?.2"]
[White "Lorenz, S."]
[Black "Gschnitzer, O."]
[Result "1/2-1/2"]
[WhiteElo "2310"]
[BlackElo "2460"]
[PlyCount "27"]
[EventDate "1991.??.??"]

1. e4 c5 2. Nf3 Nc6 3. Bb5 d6 4. O-O Bd7 5. Re1 Nf6 6. c3 a6 7. Bf1 Bg4 8. h3
Bxf3 9. Qxf3 g6 10. Qd1 Bh6 11. Na3 e5 12. d3 Bxc1 13. Rxc1 O-O 14. Nc4 1/2-1/2

[Event "BL 9091 Tegel-Kirchheim"]
[Site "?"]
[Date "1991.??.??"]
[Round "?.3"]
[White "Graf, J."]
[Black "Rabiega, R."]
[Result "1-0"]
[WhiteElo "2430"]
[BlackElo "2325"]
[PlyCount "101"]
[EventDate "1991.??.??"]

1. c4 Nf6 2. Nc3 e6 3. d4 d5 4. cxd5 exd5 5. Bg5 Be7 6. e3 c6 7. Qc2 Nbd7 8.
Bd3 O-O 9. Nf3 Re8 10. h3 Nf8 11. O-O-O Be6 12. g4 Rc8 13. Kb1 Qa5 14. Nd2 Ne4
15. Bxe4 Bxg5 16. Bd3 Be7 17. f4 f6 18. Nb3 Qc7 19. Rc1 Qb8 20. Qg2 b5 21. h4
a5 22. Ne2 a4 23. Nc5 Bf7 24. Rh3 Ne6 25. Bf5 Bxc5 26. dxc5 g6 27. Bxe6 Rxe6
28. Nd4 Re4 29. g5 f5 30. h5 Qc7 31. Qd2 Rce8 32. Qc3 R8e7 33. Rg1 Qc8 34. hxg6
Bxg6 35. Rgg3 Qe8 36. a3 Qd7 37. Qa5 Qe8 38. Qd2 Qd7 39. Ka2 Qe8 40. Qc3 Qd7
41. Qa5 Qe8 42. Qd2 Qc8 43. Qc3 Qe8 44. Qa5 Rxe3 45. Nxc6 R7e4 46. Rxe3 Rxe3
47. Rxe3 Qxe3 48. Qd8+ Be8 49. Nd4 b4 50. axb4 a3 51. Nxf5 1-0

[Event "BL 9091 Tegel-Kirchheim"]
[Site "?"]
[Date "1991.??.??"]
[Round "?.5"]
[White "Vonthron, H."]
[Black "Sperlich, O."]
[Result "1-0"]
[WhiteElo "2390"]
[BlackElo "2280"]
[PlyCount "57"]
[EventDate "1991.??.??"]

1. e4 g6 2. d4 Bg7 3. Nc3 c6 4. Nf3 d5 5. e5 Nh6 6. Bf4 f6 7. exf6 exf6 8. Qe2+
Kf7 9. O-O-O b5 10. h3 Re8 11. Qd2 Nf5 12. g4 Nd6 13. Bxd6 Qxd6 14. Bd3 b4 15.
Na4 Ba6 16. h4 Bxd3 17. cxd3 Nd7 18. g5 f5 19. h5 Re7 20. Rde1 Rae8 21. Rxe7+
Rxe7 22. Kb1 Re6 23. Rc1 Qe7 24. Qf4 Re2 25. Qg3 b3 26. axb3 Qb4 27. Qc7 Qxb3
28. Qxd7+ Re7 29. Nc5 1-0

[Event "BL 9091 Tegel-Kirchheim"]
[Site "?"]
[Date "1991.??.??"]
[Round "?.7"]
[White "Biebinger, G."]
[Black "Urban, J."]
[Result "1-0"]
[WhiteElo "2330"]
[BlackElo "2330"]
[PlyCount "69"]
[EventDate "1991.??.??"]

1. c4 Nf6 2. Nc3 c6 3. Nf3 d5 4. e3 a6 5. d4 b5 6. cxd5 cxd5 7. Ne5 e6 8. Bd3
Bb7 9. O-O Nbd7 10. f4 Bd6 11. Qf3 b4 12. Na4 O-O 13. Qh3 Bxe5 14. fxe5 Ne4 15.
Bd2 Bc6 16. b3 Ng5 17. Qg4 Bb5 18. Bxb5 axb5 19. Nb2 Qe7 20. Nd3 Rfc8 21. Bxb4
Qd8 22. Qf4 Kh8 23. h4 Ne4 24. Nf2 f5 25. a3 Rc2 26. Rac1 Qc8 27. Rxc2 Qxc2 28.
Nxe4 dxe4 29. d5 Nb6 30. dxe6 g6 31. Qh6 Qxb3 32. Be7 Kg8 33. Bf6 Ra7 34. e7
Qf7 35. e6 1-0

[Event "BL 9091 Sindelfingen-Tegel"]
[Site "?"]
[Date "1991.??.??"]
[Round "?.1"]
[White "Tomczak, R."]
[Black "Rajkovic, D."]
[Result "1/2-1/2"]
[WhiteElo "2310"]
[BlackElo "2495"]
[PlyCount "83"]
[EventDate "1991.??.??"]

1. e4 c5 2. Nf3 e6 3. c3 Nf6 4. d3 d5 5. Qc2 b6 6. Be3 Qc7 7. Bg5 Nbd7 8. c4
dxc4 9. dxc4 Ne5 10. Be2 Bd6 11. Nc3 a6 12. Qa4+ Bd7 13. Nb5 Qc6 14. Nxd6+ Qxd6
15. Qc2 Nc6 16. Rd1 Qc7 17. e5 Nxe5 18. Qc3 Ng6 19. Bxf6 gxf6 20. Qxf6 Bc6 21.
g3 Rg8 22. Rf1 Rd8 23. Rxd8+ Qxd8 24. Qxd8+ Kxd8 25. Kd2 Ke7 26. Ke3 f5 27. h4
h6 28. h5 Bxf3 29. Bxf3 Ne5 30. Be2 Nc6 31. Rd1 Nd4 32. Bf3 Kf6 33. Bb7 a5 34.
Rh1 Rd8 35. f4 Rd7 36. Ba8 Nc2+ 37. Ke2 Nb4 38. a3 Na6 39. Rd1 Rxd1 40. Kxd1
Nc7 41. Bc6 e5 42. Bd7 1/2-1/2

[Event "BL 9091 Sindelfingen-Tegel"]
[Site "?"]
[Date "1991.??.??"]
[Round "?.2"]
[White "Marinkovic, I."]
[Black "Lorenz, S."]
[Result "1-0"]
[WhiteElo "2455"]
[BlackElo "2310"]
[PlyCount "83"]
[EventDate "1991.??.??"]

1. e4 g6 2. d4 Bg7 3. Nf3 c6 4. c3 d5 5. Nbd2 Nf6 6. Bd3 O-O 7. O-O b6 8. Re1
e6 9. e5 Nfd7 10. Nf1 c5 11. Bg5 f6 12. exf6 Bxf6 13. Bh6 Re8 14. Ne3 Nc6 15.
Ng4 a6 16. Qc2 Nf8 17. Nfe5 Nxe5 18. dxe5 Bg7 19. Qd2 Bxh6 20. Qxh6 Re7 21.
Nf6+ Kh8 22. Re3 Rg7 23. Rh3 Qe7 24. Re1 Nd7 25. Qg5 Nf8 26. Rh4 c4 27. Bc2 b5
28. Re3 Ra7 29. Rf4 Bd7 30. h4 Be8 31. Ref3 Bf7 32. Qh6 Nd7 33. Nxh7 Rxh7 34.
Qxh7+ Kxh7 35. Rxf7+ Qxf7 36. Rxf7+ Kg8 37. Bxg6 a5 38. h5 b4 39. h6 d4 40. h7+
Kh8 41. cxd4 a4 42. Re7 1-0

[Event "BL 9091 Sindelfingen-Tegel"]
[Site "?"]
[Date "1991.??.??"]
[Round "?.3"]
[White "Rabiega, R."]
[Black "Kraut, R."]
[Result "1-0"]
[WhiteElo "2325"]
[BlackElo "2425"]
[PlyCount "69"]
[EventDate "1991.??.??"]

1. e4 c5 2. c3 Nf6 3. e5 Nd5 4. d4 cxd4 5. Nf3 e6 6. cxd4 d6 7. a3 Nc6 8. Bd3
g6 9. O-O Bg7 10. Qe2 O-O 11. b4 Qb6 12. Qe4 f5 13. exf6 Nxf6 14. Qh4 Nd5 15.
Be3 Rxf3 16. gxf3 Bxd4 17. Bxd4 Nxd4 18. Nd2 e5 19. Kh1 Nf4 20. Ne4 Bh3 21. Rg1
Nxd3 22. Nf6+ Kf7 23. Qxh7+ Ke6 24. Ne4 Bf5 25. Rxg6+ Bxg6 26. Qxg6+ Kd5 27.
Qf7+ Kc6 28. Qc4+ Kd7 29. Qxd3 Qb5 30. Nf6+ Ke7 31. Qg6 Rf8 32. Ne4 Qc6 33.
Qg5+ Ke6 34. Rc1 Qe8 35. Qh6+ 1-0

[Event "BL 9091 Sindelfingen-Tegel"]
[Site "?"]
[Date "1991.??.??"]
[Round "?.4"]
[White "Luther, T."]
[Black "Hargens, T."]
[Result "1-0"]
[WhiteElo "2470"]
[BlackElo "2255"]
[PlyCount "91"]
[EventDate "1991.??.??"]

1. e4 g6 2. d4 Bg7 3. Nc3 d6 4. Be3 c6 5. Qd2 Qc7 6. h4 h5 7. f3 b5 8. O-O-O a6
9. Nh3 Bxh3 10. Rxh3 Nd7 11. g4 hxg4 12. fxg4 b4 13. Na4 Qa5 14. b3 Ngf6 15.
Qg2 d5 16. e5 Ne4 17. Bd3 Nb6 18. Bxe4 Nxa4 19. bxa4 dxe4 20. Qxe4 Qxa4 21. h5
O-O-O 22. Rf3 Rd5 23. Rxf7 Bxe5 24. Qxg6 Bd6 25. Kb1 Kd8 26. Qe6 Ra5 27. Qb3
Qb5 28. Bc1 Qe2 29. Qf3 Qe6 30. d5 cxd5 31. Bb2 Rg8 32. Rf5 Kd7 33. g5 Rc5 34.
Rfxd5 Rxg5 35. Rxg5 Rxg5 36. Qb7+ Ke8 37. Qa8+ Kd7 38. Qb7+ Ke8 39. Qa8+ Kd7
40. Qa7+ Ke8 41. h6 Ra5 42. Qa8+ Kd7 43. h7 Qxa2+ 44. Kc1 Rh5 45. Qb7+ Kd8 46.
Rxd6+ 1-0

[Event "BL 9091 Sindelfingen-Tegel"]
[Site "?"]
[Date "1991.??.??"]
[Round "?.5"]
[White "Sperlich, O."]
[Black "Bialas, W."]
[Result "0-1"]
[WhiteElo "2280"]
[BlackElo "2360"]
[PlyCount "67"]
[EventDate "1991.??.??"]

1. Nf3 Nf6 2. d4 d6 3. Bf4 Nbd7 4. c3 Nh5 5. e3 Nxf4 6. exf4 c5 7. Bc4 cxd4 8.
Qxd4 Nf6 9. O-O e6 10. Re1 Be7 11. Nbd2 O-O 12. Rad1 Qc7 13. Bb3 b6 14. Qd3 Bb7
15. Bc2 g6 16. Nb3 Rfe8 17. Ng5 Nh5 18. Qe3 d5 19. Nh3 Bd6 20. g3 a6 21. f5
exf5 22. Qxe8+ Rxe8 23. Rxe8+ Kg7 24. Nd4 f4 25. Ng5 Kh6 26. h4 fxg3 27. f3 Bf4
28. Rde1 Bxg5 29. hxg5+ Kxg5 30. R1e7 Qf4 31. Re1 Qh4 32. f4+ Kh6 33. R8e2 Nxf4
34. Rd2 0-1

[Event "BL 9091 Sindelfingen-Tegel"]
[Site "?"]
[Date "1991.??.??"]
[Round "?.6"]
[White "Werner, Marc"]
[Black "Giemsa, S."]
[Result "1-0"]
[WhiteElo "2320"]
[BlackElo "2240"]
[PlyCount "85"]
[EventDate "1991.??.??"]

1. e4 e6 2. d4 d5 3. Nc3 Bb4 4. e5 c5 5. a3 Bxc3+ 6. bxc3 Ne7 7. Qg4 O-O 8. Bd3
Nd7 9. Nf3 f5 10. Qh3 Qa5 11. Bd2 Nb6 12. g4 Nc4 13. Rg1 Nxd2 14. Kxd2 cxd4 15.
Nxd4 Bd7 16. gxf5 exf5 17. Qh4 Ng6 18. Rxg6 hxg6 19. e6 Rac8 20. exd7 Qxc3+ 21.
Ke2 Rcd8 22. Rg1 Rxd7 23. Nf3 Qf6 24. Ng5 Re8+ 25. Kd2 Re4 26. Qh7+ Kf8 27. f3
Re5 28. Nh3 Qb6 29. Qh8+ Kf7 30. Ng5+ Ke7 31. Qxg7+ Kd8 32. Qxe5 Qf2+ 33. Be2
Qxg1 34. Ne6+ Ke8 35. Bb5 Qf2+ 36. Kc1 Qg1+ 37. Kd2 Qf2+ 38. Qe2 Qb6 39. Bxd7+
Kxd7 40. Nf8+ Kd8 41. Ne6+ Kd7 42. Nf4 Qd6 43. Qb5+ 1-0

[Event "BL 9091 Kirchheim-HSK"]
[Site "?"]
[Date "1991.??.??"]
[Round "?.1"]
[White "Wahls, M."]
[Black "Haba, P."]
[Result "1/2-1/2"]
[WhiteElo "2560"]
[BlackElo "2465"]
[PlyCount "50"]
[EventDate "1991.??.??"]

1. e4 e5 2. Nf3 Nc6 3. Bb5 a6 4. Ba4 Nf6 5. O-O Nxe4 6. d4 b5 7. Bb3 d5 8. dxe5
Be6 9. Nbd2 Bc5 10. Nxe4 dxe4 11. Bxe6 Qxd1 12. Rxd1 fxe6 13. Ng5 O-O 14. Nxe4
Bb6 15. Be3 Bxe3 16. fxe3 Rf5 17. a4 Rxe5 18. axb5 Rxe4 19. bxc6 Rc4 20. Rd7
Rxc6 21. c3 Rf8 22. Rf1 h6 23. Rf4 Rxf4 24. exf4 a5 25. Kf2 a4 1/2-1/2

[Event "BL 9091 Kirchheim-HSK"]
[Site "?"]
[Date "1991.??.??"]
[Round "?.2"]
[White "Gschnitzer, O."]
[Black "Brunner, L."]
[Result "1/2-1/2"]
[WhiteElo "2460"]
[BlackElo "2460"]
[PlyCount "97"]
[EventDate "1991.??.??"]

1. Nf3 Nf6 2. c4 g6 3. Nc3 Bg7 4. e4 d6 5. d4 O-O 6. Be2 e5 7. O-O Nc6 8. Be3
Re8 9. dxe5 dxe5 10. c5 Ng4 11. Bg5 f6 12. Bd2 Kh8 13. Qc1 f5 14. Bg5 Qd7 15.
Bb5 f4 16. h3 Nf6 17. Bxf6 Bxf6 18. Nd5 Qg7 19. Nb4 Bd7 20. Nxc6 bxc6 21. Be2
h5 22. Nh2 a5 23. Rd1 Reb8 24. Rd3 Rb4 25. Qc2 Be6 26. Ra3 Qg8 27. Nf1 a4 28.
Nd2 Rab8 29. b3 axb3 30. axb3 Bxb3 31. Nxb3 Rxb3 32. Rxb3 Qxb3 33. Qxb3 Rxb3
34. Ra8+ Kg7 35. Ra6 Rb2 36. Bf3 Bh4 37. g3 fxg3 38. fxg3 Bxg3 39. Rxc6 Rb7 40.
Be2 Kh6 41. Ba6 Ra7 42. Kg2 Be1 43. Bc4 Kg7 44. Be6 Bb4 45. Bd7 Ra2+ 46. Kf3
Ra3+ 47. Kg2 Rc3 48. Rxc7 Bxc5 49. Be8+ 1/2-1/2

[Event "BL 9091 Kirchheim-HSK"]
[Site "?"]
[Date "1991.??.??"]
[Round "?.3"]
[White "Maus, So"]
[Black "Graf, J."]
[Result "1/2-1/2"]
[WhiteElo "2400"]
[BlackElo "2430"]
[PlyCount "58"]
[EventDate "1991.??.??"]

1. e4 Nf6 2. e5 Nd5 3. d4 d6 4. Nf3 Nc6 5. c4 Nb6 6. e6 fxe6 7. Nc3 Nd7 8. Bd3
g6 9. h4 Bg7 10. h5 Nf8 11. Be3 e5 12. d5 Nd4 13. Ng5 h6 14. hxg6 hxg5 15. Rxh8
Bxh8 16. g7 Bxg7 17. Qh5+ Kd7 18. Qf7 Bh8 19. Bxd4 Qe8 20. Qxe8+ Kxe8 21. Be3
g4 22. Nb5 Kd8 23. Nxa7 e4 24. Bxe4 Bd7 25. a4 Bxb2 26. Rb1 Bc3+ 27. Ke2 b6 28.
Nb5 Bg7 29. Bc2 Be8 1/2-1/2

[Event "BL 9091 Kirchheim-HSK"]
[Site "?"]
[Date "1991.??.??"]
[Round "?.4"]
[White "Clara, H."]
[Black "Mueller, Ka"]
[Result "0-1"]
[WhiteElo "2430"]
[BlackElo "2425"]
[PlyCount "72"]
[EventDate "1991.??.??"]

1. c4 e6 2. Nf3 d5 3. d4 dxc4 4. e3 a6 5. Bxc4 Nf6 6. O-O c5 7. Qe2 b5 8. Bb3
Bb7 9. Rd1 Nbd7 10. Nc3 Qb6 11. d5 exd5 12. Nxd5 Bxd5 13. Bxd5 Nxd5 14. Rxd5
Be7 15. e4 Rd8 16. Bg5 f6 17. Bf4 O-O 18. Rad1 Qb7 19. Nh4 Nb6 20. Nf5 Nxd5 21.
exd5 Rf7 22. d6 Bf8 23. Qe6 g6 24. Nh6+ Bxh6 25. Bxh6 Qd7 26. Qd5 Qf5 27. Qxf5
gxf5 28. Kf1 Rfd7 29. Bf4 Kf7 30. Rd5 c4 31. Rxf5 Rc8 32. g4 Ke6 33. Ke2 c3 34.
bxc3 Rxc3 35. a4 b4 36. Ra5 Rc6 0-1

[Event "BL 9091 Kirchheim-HSK"]
[Site "?"]
[Date "1991.??.??"]
[Round "?.5"]
[White "Wegner, H."]
[Black "Vonthron, H."]
[Result "1/2-1/2"]
[WhiteElo "2435"]
[BlackElo "2390"]
[PlyCount "42"]
[EventDate "1991.??.??"]

1. d4 Nf6 2. c4 e6 3. Nc3 Bb4 4. Qc2 O-O 5. a3 Bxc3+ 6. Qxc3 b5 7. cxb5 c6 8.
bxc6 Nxc6 9. e3 Bb7 10. b4 Rc8 11. Qb2 e5 12. dxe5 Ng4 13. Nf3 Re8 14. Be2
Ncxe5 15. Nxe5 Nxe5 16. O-O Rc6 17. f3 Qc7 18. Bd2 Rc2 19. Qd4 Nc6 20. Qd3 Ne5
21. Qd4 Nc6 1/2-1/2

[Event "BL 9091 Kirchheim-HSK"]
[Site "?"]
[Date "1991.??.??"]
[Round "?.6"]
[White "Mueller, O."]
[Black "Reefschlaeger, H."]
[Result "0-1"]
[WhiteElo "2350"]
[BlackElo "2380"]
[PlyCount "58"]
[EventDate "1991.??.??"]

1. e4 e6 2. d4 d5 3. Nc3 Nc6 4. Nf3 Nf6 5. exd5 exd5 6. Bb5 Bb4 7. O-O O-O 8.
Bg5 Bxc3 9. bxc3 Qd6 10. Qc1 Ne4 11. Bf4 Qd8 12. Qe3 Re8 13. Ne5 Nxe5 14. dxe5
c6 15. Bd3 Nxc3 16. Bxh7+ Kxh7 17. Qxc3 Bf5 18. Rab1 Qd7 19. Rbd1 b6 20. Qd2 c5
21. c3 Qa4 22. f3 Rad8 23. g4 Be6 24. Bg5 Rd7 25. Qf2 d4 26. Bf6 Rh8 27. Qh4+
Kg8 28. Qg5 Rh7 29. cxd4 Rxd4 0-1

[Event "BL 9091 Kirchheim-HSK"]
[Site "?"]
[Date "1991.??.??"]
[Round "?.7"]
[White "Sievers, S."]
[Black "Messmer, M."]
[Result "1/2-1/2"]
[WhiteElo "2330"]
[BlackElo "2365"]
[PlyCount "40"]
[EventDate "1991.??.??"]

1. e4 e6 2. d4 d5 3. Nc3 Bb4 4. e5 c5 5. a3 Bxc3+ 6. bxc3 Qc7 7. Qg4 f5 8. Qh5+
Qf7 9. Qd1 Nc6 10. a4 Nge7 11. Nf3 O-O 12. h4 Bd7 13. h5 Rfc8 14. dxc5 Qe8 15.
Be3 Qd8 16. h6 g6 17. Qd2 Qc7 18. Bd4 Rf8 19. Bd3 Na5 20. g3 Nc8 1/2-1/2

[Event "BL 9091 Kirchheim-HSK"]
[Site "?"]
[Date "1991.??.??"]
[Round "?.8"]
[White "Biebinger, G."]
[Black "Heinemann, T."]
[Result "1/2-1/2"]
[WhiteElo "2330"]
[BlackElo "2340"]
[PlyCount "54"]
[EventDate "1991.??.??"]

1. c4 c5 2. Nc3 b6 3. Nf3 Bb7 4. d4 cxd4 5. Nxd4 a6 6. e4 d6 7. Be2 Nf6 8. f3
e6 9. O-O Be7 10. Be3 O-O 11. Qd2 Nbd7 12. Rfd1 Qc7 13. Bf1 Rac8 14. Rac1 Qb8
15. Kh1 Bd8 16. Nc2 Bc7 17. Bg1 Rfd8 18. Ne3 Ne5 19. b4 Ng6 20. a3 Rd7 21. Qa2
Rcd8 22. Rc2 Ne7 23. Rcd2 Qa8 24. Qb2 h6 25. Bf2 Ng6 26. Bg1 Ne7 27. Bf2 Ng6
1/2-1/2

[Event "BL 9091 Bayern-Solingen"]
[Site "?"]
[Date "1991.??.??"]
[Round "?.2"]
[White "Hjartarson, J."]
[Black "Lau, R."]
[Result "1-0"]
[WhiteElo "2535"]
[BlackElo "2485"]
[PlyCount "55"]
[EventDate "1991.??.??"]

1. c4 e6 2. Nc3 Bb4 3. e4 b6 4. Nf3 Bb7 5. Bd3 Ne7 6. O-O O-O 7. Bc2 Bxc3 8.
dxc3 f5 9. Qe2 Qe8 10. Re1 Bxe4 11. Bxe4 fxe4 12. Qxe4 Nbc6 13. Bf4 Rc8 14.
Rad1 h6 15. h3 Qf7 16. Bh2 Rfd8 17. Rd3 Qf5 18. Qe2 Ng6 19. Qd1 Qf7 20. Rde3
Rf8 21. Re4 a5 22. Qd2 Kh7 23. Qd3 Rfe8 24. Rf4 Qg8 25. Rg4 Qf7 26. Nh4 Nce7
27. Re3 Nf5 28. Rxg6 1-0

[Event "BL 9091 Bayern-Solingen"]
[Site "?"]
[Date "1991.??.??"]
[Round "?.3"]
[White "Mohr, S."]
[Black "Kindermann, S."]
[Result "1-0"]
[WhiteElo "2430"]
[BlackElo "2515"]
[PlyCount "83"]
[EventDate "1991.??.??"]

1. d4 Nf6 2. c4 g6 3. Nc3 Bg7 4. e4 d6 5. Be2 O-O 6. Bg5 Nbd7 7. f4 e5 8. dxe5
dxe5 9. Nf3 Qe8 10. Nb5 Qe7 11. Nxc7 Qc5 12. Nxa8 Nxe4 13. Bh4 Bf6 14. Ng5 Qa5+
15. Kf1 Nd2+ 16. Kg1 exf4 17. h3 f3 18. Bxf3 Bxg5 19. Bg3 Ne5 20. Bd5 Nexc4 21.
Bxc4 Qc5+ 22. Kh2 Qxc4 23. Rc1 Qxa2 24. h4 Bh6 25. Bd6 Rd8 26. Be7 Re8 27. Re1
Be6 28. Bg5 Bxg5 29. hxg5 Rxa8 30. Qxd2 Qa4 31. Rc3 Qg4 32. Kg1 a5 33. Rd3 Qb4
34. Rd8+ Rxd8 35. Qxd8+ Qf8 36. Qxa5 Qe7 37. Qe5 Qd7 38. Rc1 Qd8 39. Re1 Qb6+
40. Kh2 Qb4 41. Rd1 Qf8 42. Qf6 1-0

[Event "BL 9091 Bayern-Solingen"]
[Site "?"]
[Date "1991.??.??"]
[Round "?.4"]
[White "Bischoff, K."]
[Black "Reeh, O."]
[Result "1-0"]
[WhiteElo "2495"]
[BlackElo "2470"]
[PlyCount "69"]
[EventDate "1991.??.??"]

1. c4 g6 2. d4 Bg7 3. Nc3 Nf6 4. e4 d6 5. Nf3 O-O 6. Be2 e5 7. O-O Nbd7 8. Qc2
c6 9. Rd1 Qe7 10. d5 c5 11. g3 h6 12. Nh4 Nh7 13. Ng2 Ng5 14. h4 Nh7 15. Ne3
Ndf6 16. Kg2 h5 17. Rh1 Ng4 18. Nxg4 hxg4 19. h5 Ng5 20. hxg6 fxg6 21. Bxg5
Qxg5 22. Raf1 Bd7 23. Qd1 Rf4 24. Qd3 Rf6 25. Nd1 Raf8 26. Ne3 Rf3 27. Bxf3
gxf3+ 28. Kg1 Bf6 29. Re1 Bd8 30. Nf1 Ba5 31. Re3 Bg4 32. Nh2 Bh5 33. Nxf3 Qf6
34. Rxh5 gxh5 35. Qe2 1-0

[Event "BL 9091 Bayern-Solingen"]
[Site "?"]
[Date "1991.??.??"]
[Round "?.6"]
[White "Boensch, U."]
[Black "Dueball, J."]
[Result "1-0"]
[WhiteElo "2470"]
[BlackElo "2445"]
[PlyCount "45"]
[EventDate "1991.??.??"]

1. d4 Nf6 2. Nf3 g6 3. c4 Bg7 4. Nc3 d5 5. cxd5 Nxd5 6. e4 Nxc3 7. bxc3 c5 8.
Be3 O-O 9. Qd2 cxd4 10. cxd4 Bg4 11. Ng5 Nc6 12. h3 Bd7 13. Rb1 Rc8 14. Be2 e5
15. dxe5 Nxe5 16. O-O Bc6 17. Qxd8 Rfxd8 18. f4 Nd3 19. Rb3 Ba4 20. Rxd3 Rxd3
21. Bxd3 h6 22. Nf3 Rc3 23. Ne1 1-0

[Event "BL 9091 Bayern-Solingen"]
[Site "?"]
[Date "1991.??.??"]
[Round "?.7"]
[White "Schneider, B1."]
[Black "Hickl, J."]
[Result "0-1"]
[WhiteElo "2455"]
[BlackElo "2480"]
[PlyCount "96"]
[EventDate "1991.??.??"]

1. d4 d6 2. e4 g6 3. Nc3 c6 4. a4 Bg7 5. Be3 Nf6 6. h3 Nbd7 7. g3 e5 8. Bg2 O-O
9. Nge2 b6 10. O-O Bb7 11. f4 exd4 12. Bxd4 Re8 13. g4 c5 14. Bxf6 Nxf6 15. Ng3
Re7 16. Qd3 Ne8 17. Rad1 Qd7 18. Kh2 Bxc3 19. Qxc3 Qxa4 20. b3 Qb4 21. Qe3 c4
22. Rd4 b5 23. bxc4 bxc4 24. c3 Qc5 25. Rb1 Rc8 26. Qd2 a5 27. g5 a4 28. Rb4 a3
29. Qa2 Qa5 30. Rdxc4 Rxc4 31. Rxc4 Ba6 32. Rb4 Rc7 33. Qa1 a2 34. Rb2 Bc4 35.
Bf1 Qxc3 36. Bxc4 Rxc4 37. Qxa2 Kf8 38. Rf2 Qd4 39. Rd2 Qc5 40. Kg2 Rc3 41. Re2
Nc7 42. h4 d5 43. exd5 Nxd5 44. Qa8+ Kg7 45. f5 Nf4+ 46. Kh2 gxf5 47. Rb2 Qe5
48. Qa6 Nh5 0-1

[Event "BL 9091 Bayern-Solingen"]
[Site "?"]
[Date "1991.??.??"]
[Round "?.8"]
[White "Stangl, M."]
[Black "Zysk, R."]
[Result "1/2-1/2"]
[WhiteElo "2480"]
[BlackElo "2415"]
[PlyCount "122"]
[EventDate "1991.??.??"]

1. Nf3 g6 2. d4 Nf6 3. c4 Bg7 4. g3 O-O 5. Bg2 d6 6. O-O Nbd7 7. Qc2 e5 8. Rd1
Re8 9. e4 exd4 10. Nxd4 Nc5 11. Nc3 Qe7 12. f3 c6 13. Bf4 Nfd7 14. Nb3 Ne5 15.
Nxc5 dxc5 16. b3 Qf6 17. Rac1 g5 18. Bxe5 Qxe5 19. Rd3 Be6 20. Qd2 Qf6 21. Rd1
b5 22. f4 gxf4 23. gxf4 bxc4 24. e5 Qh4 25. bxc4 Bh6 26. Ne2 Kh8 27. Bxc6 Rg8+
28. Rg3 Rad8 29. Bd5 Bg4 30. Rf1 Bxe2 31. Qxe2 Rxg3+ 32. hxg3 Rg8 33. Bg2 Qxg3
34. Rf3 Qg4 35. Rf2 Qxe2 36. Rxe2 Bxf4 37. e6 fxe6 38. Rxe6 h6 39. Kf1 Rf8 40.
Bf3 Bg5 41. Kg2 Rb8 42. Ra6 Rb2+ 43. Kg3 Rb4 44. Bd5 Kg7 45. Rxa7+ Kf6 46. a4
h5 47. a5 Rb3+ 48. Kf2 Ra3 49. a6 Ke5 50. Ke2 h4 51. Ra8 Be7 52. Re8 Kd6 53.
Rh8 Kc7 54. Rh7 Kd7 55. Bb7 h3 56. Kd2 h2 57. Kc2 Ra5 58. Kb3 h1=Q 59. Rxh1 Kc7
60. Rh6 Bd6 61. Rh8 Kb6 1/2-1/2

[Event "BL 9091 München 36-Dortmund"]
[Site "?"]
[Date "1991.??.??"]
[Round "?.2"]
[White "Ftacnik, L."]
[Black "Smagin, S."]
[Result "1/2-1/2"]
[WhiteElo "2590"]
[BlackElo "2550"]
[PlyCount "127"]
[EventDate "1991.??.??"]

1. d4 Nf6 2. Nf3 e6 3. c4 d5 4. Nc3 Nbd7 5. cxd5 exd5 6. Bg5 Be7 7. e3 O-O 8.
Qc2 Re8 9. Bd3 Nf8 10. O-O a6 11. Rac1 c6 12. Bxf6 Bxf6 13. Na4 Bg4 14. Nd2 Rc8
15. Nc5 Rc7 16. b4 Be7 17. Rfe1 Bd6 18. Nf1 Bc8 19. a3 g6 20. Rcd1 Ne6 21. Ng3
Ng7 22. Qc3 f5 23. Bc2 f4 24. exf4 Bxf4 25. Nd3 Bd6 26. Rxe8+ Qxe8 27. Re1 Re7
28. Rxe7 Qxe7 29. Nc5 Ne6 30. Nxe6 Bxe6 31. Nf1 Bd7 32. Qe3 Qxe3 33. fxe3 b6
34. Bb3 Kg7 35. Kf2 a5 36. bxa5 bxa5 37. a4 c5 38. dxc5 Bxc5 39. Nd2 d4 40.
exd4 Bxd4+ 41. Ke2 Bc6 42. g3 Bb6 43. Nc4 Bc7 44. Ne3 h5 45. Nd5 Bd6 46. Ke3
Kh6 47. Nf6 Bc5+ 48. Kf4 Bd6+ 49. Ke3 Be5 50. Ne4 Bc7 51. Kf3 g5 52. Bc2 g4+
53. Ke3 Kg6 54. Kd4 Bb6+ 55. Ke5 Bxe4 56. Bxe4+ Kg5 57. Bg2 Bg1 58. h4+ Kg6 59.
Bc6 Ba7 60. Be8+ Kh6 61. Kf5 Bb8 62. Bf7 Bxg3 63. Be8 Bxh4 64. Bf7 1/2-1/2

[Event "BL 9091 München 36-Dortmund"]
[Site "?"]
[Date "1991.??.??"]
[Round "?.3"]
[White "Mainka, R."]
[Black "Espig, L."]
[Result "1/2-1/2"]
[WhiteElo "2430"]
[BlackElo "2440"]
[PlyCount "91"]
[EventDate "1991.??.??"]

1. e4 c5 2. Nf3 e6 3. d4 cxd4 4. Nxd4 a6 5. Bd3 Nf6 6. O-O d6 7. c4 b6 8. Nc3
Bb7 9. f4 Nc6 10. Nxc6 Bxc6 11. Kh1 Be7 12. Qe2 O-O 13. b3 Nd7 14. Bb2 Bf6 15.
Rad1 Qb8 16. Bb1 b5 17. cxb5 axb5 18. Qc2 g6 19. Nd5 exd5 20. e5 dxe5 21. Qxc6
Qc8 22. Qxc8 Rfxc8 23. fxe5 Bxe5 24. Bxe5 Nxe5 25. Rxd5 Ng4 26. Rxb5 Ne3 27.
Re1 Nc2 28. Bxc2 Rxc2 29. a4 Rd8 30. h3 Rdd2 31. Rg1 Ra2 32. a5 h5 33. b4 Rdb2
34. Rb6 g5 35. a6 g4 36. hxg4 hxg4 37. Kh2 Rb3 38. Rf1 Rbb2 39. Rg1 Rb3 40. Rf1
Rbb2 41. Kg3 Rxg2+ 42. Kh4 Kf8 43. Rf4 g3 44. Rbf6 Ke8 45. Kh3 Rg1 46. Rf1
1/2-1/2

[Event "BL 9091 München 36-Dortmund"]
[Site "?"]
[Date "1991.??.??"]
[Round "?.4"]
[White "Gruenberg, HU."]
[Black "Paehtz, T."]
[Result "1/2-1/2"]
[WhiteElo "2485"]
[BlackElo "2455"]
[PlyCount "39"]
[EventDate "1991.??.??"]

1. d4 Nf6 2. c4 g6 3. Nc3 Bg7 4. e4 d6 5. Be2 O-O 6. Nf3 e5 7. Be3 h6 8. O-O
Ng4 9. Bc1 Nc6 10. d5 Ne7 11. h3 Nf6 12. Be3 Ne8 13. Qd2 Kh7 14. Nh2 f5 15.
exf5 Nxf5 16. Ne4 Nf6 17. Bd3 Bd7 18. Rae1 c5 19. b3 Qe7 20. Qc2 1/2-1/2

[Event "BL 9091 München 36-Dortmund"]
[Site "?"]
[Date "1991.??.??"]
[Round "?.5"]
[White "Keitlinghaus, L."]
[Black "Enders, P."]
[Result "1-0"]
[WhiteElo "2400"]
[BlackElo "2495"]
[PlyCount "59"]
[EventDate "1991.??.??"]

1. e4 c5 2. Nc3 d6 3. Bb5+ Bd7 4. a4 Nf6 5. f4 Nc6 6. Nf3 e6 7. O-O Be7 8. b3
O-O 9. Bb2 a6 10. Bxc6 Bxc6 11. Qe2 Qc7 12. a5 d5 13. e5 Nd7 14. Nd1 Rae8 15.
Ne3 f6 16. exf6 Bxf6 17. Bxf6 gxf6 18. Nh4 d4 19. Nc4 Kh8 20. Rae1 Rg8 21. Rf2
Nf8 22. Qh5 Qg7 23. Nd6 Re7 24. Qxc5 Rd7 25. Qxd4 Rxd6 26. Qxd6 Qg4 27. g3 Qh3
28. Re3 Nd7 29. Nf3 Nf8 30. f5 1-0